000 00811nam a2200241 a 4500
001 BRCA_5903
005 20190320205246.0
008 180311s1881----gw-#######---#000-0#eng-#
041 _aeng
044 _agw
050 4 _aPZ3
_b.B75 1 1881
100 1 _aTwain, Mark
_d1835-1910
_q(Samuel L. Clemens)
_914927
245 1 0 _aThe innocents at home
_cby Mark Twain.
260 _aLeipzig, Alemania
_bBernhard Tauchnitz
_c1881
300 _a286 p.
_c16 cm.
440 0 _aCollection of British authors. Tauchnitz edition
_vv. 1948
_914928
500 _aVer tambiƩn CEF6, L2, L15, L16, L17, L18, L19, L20, L22, L23, L24, L25, L26, L27, L32, L166, N9, N11, N12, N13 y N17
500 _aH144
650 1 4 _aLiteratura estadounidense
_914929
650 1 4 _aLiteratura inglesa
_914930
902 _aGFM
942 _2lcc
_cB
999 _c5592
_d5592